व्यक्ति और व्यवस्था : (Record no. 120467)

MARC details
000 -LEADER
fixed length control field 01218nam a22002537a 4500
005 - DATE AND TIME OF LATEST TRANSACTION
control field 20170124103158.0
010 ## - LIBRARY OF CONGRESS CONTROL NUMBER
LC control number B-040302
020 ## - INTERNATIONAL STANDARD BOOK NUMBER
Terms of availability 200.00
International Standard Book Number 818524457
035 ## - SYSTEM CONTROL NUMBER
System control number B-040302
037 ## - SOURCE OF ACQUISITION
Source of stock number/acquisition Cen Lib/Ret
040 ## - CATALOGING SOURCE
Original cataloging agency DPL
Language of cataloging HN
082 ## - DEWEY DECIMAL CLASSIFICATION NUMBER
Classification number 823.08
Item number सेठीरे
100 ## - MAIN ENTRY--PERSONAL NAME
Personal name सेठी, रेखा
9 (RLIN) 90566
245 ## - TITLE STATEMENT
Title व्यक्ति और व्यवस्था :
Statement of responsibility, etc रेखा सेठी
Remainder of title स्वातंत्र्योत्तर हिंदी कहानी का संदर्भ /
246 ## - VARYING FORM OF TITLE
Title proper/short title Vyakti aur vyavstha : swatantryottar hindi kahani ka sandarbh /
Remainder of title by Rekha Sethi
260 ## - PUBLICATION, DISTRIBUTION, ETC. (IMPRINT)
Place of publication, distribution, etc नई दिल्ली
Name of publisher, distributor, etc हिन्दी बुक सेंटर
Date of publication, distribution, etc 2001
270 ## - ADDRESS
Address 4/5-बी, आसफ अली रोड
City नई दिल्ली
Postal code 110002
300 ## - PHYSICAL DESCRIPTION
Extent iii,155पृ.
Dimensions 20सेमी(सजिल्द)
650 ## - SUBJECT ADDED ENTRY--TOPICAL TERM
Topical term or geographic name as entry element हिन्दी -- साहित्य
9 (RLIN) 90567
650 ## - SUBJECT ADDED ENTRY--TOPICAL TERM
Topical term or geographic name as entry element हिन्दी -- व्यक्ति और व्यवस्था
9 (RLIN) 85758
650 ## - SUBJECT ADDED ENTRY--TOPICAL TERM
Topical term or geographic name as entry element Hindi literature
9 (RLIN) 90568
650 ## - SUBJECT ADDED ENTRY--TOPICAL TERM
Topical term or geographic name as entry element Hindi - Individual and systems
9 (RLIN) 90569
942 ## - ADDED ENTRY ELEMENTS (KOHA)
Source of classification or shelving scheme Dewey Decimal Classification
Koha item type Hindi Books
Classification part 823.08
Call number suffix सेठीरे
Holdings
Withdrawn status Lost status Damaged status Not for loan Home library Current library Date acquired Source of acquisition Cost, normal purchase price Total Checkouts Full call number Barcode Date last seen Copy number Cost, replacement price Price effective from Koha item type Source of classification or shelving scheme Collection code
        Central Library Central Library 23/09/2015 Cen Lib/Ret 200.00   823.08 सेठीरे B-040302 23/09/2015 1 200.00 23/09/2015 Hindi Books    
        Sarojini Nagar Sarojini Nagar 08/06/2019       823.08 सेठीरे B-040304 08/06/2019     08/06/2019 Hindi Books Dewey Decimal Classification Fiction

© Delhi Public Library
Hit Counter
free hit counter